[Event "4th Xtracon Skovbo"]
[Site "Borup DEN"]
[Date "2009.09.12"]
[Round "7"]
[White "De Verdier,M"]
[Black "Bekker Jensen,S"]
[Result "0-1"]
[WhiteElo "2276"]
[BlackElo "2415"]

1.d4 Nf6 2.Nf3 g6 3.c4 Bg7 4.Nc3 O-O 5.e4 d6 6.Be2 Na6 7.O-O e5 8.Be3 Ng4
9.Bg5 Qe8 10.c5 h6 11.Bh4 dxc5 12.Nd5 Be6 13.Be7 Bxd5 14.Bxf8 Qxf8 15.exd5 exd4
16.Rc1 Qd6 17.Bxa6 bxa6 18.Qc2 Bf8 19.Rfd1 Rb8 20.b3 a5 21.Re1 a4 22.h3 Nf6
23.Nd2 Qxd5 24.Qd3 h5 25.Nc4 axb3 26.axb3 Bd6 27.Ra1 Qf5 28.Red1 Ne4 29.Rf1 Nc3
30.Qxf5 gxf5 31.Rxa7 Rxb3 32.g3 Rb4 33.Nd2 c4 34.Kg2 Ne4 35.Nf3 d3  0-1

[Event "FSIMB September"]
[Site "Budapest HUN"]
[Date "2009.09.12"]
[Round "8"]
[White "Zalkind,K"]
[Black "Kahn,E"]
[Result "0-1"]
[WhiteElo "2107"]
[BlackElo "2245"]

1.d4 Nf6 2.c4 g6 3.Nc3 Bg7 4.e4 d6 5.Nf3 O-O 6.Be2 Na6 7.O-O e5 8.d5 Nc5
9.Qc2 a5 10.Bg5 Bd7 11.Nd2 h6 12.Be3 b6 13.b3 Nh7 14.a3 f5 15.exf5 gxf5 16.f4 Qe8
17.Rae1 Nf6 18.b4 axb4 19.axb4 Nce4 20.Ndxe4 Nxe4 21.Nxe4 fxe4 22.fxe5 Qxe5
23.Qd2 Rxf1+ 24.Rxf1 h5 25.Kh1 Bg4 26.Bxg4 hxg4 27.Qe2 Ra1 28.b5 Rxf1+ 29.Qxf1 Qc3
30.Qe2 Kh8 31.g3 Qd3 32.Qxd3 exd3 33.Kg2 Kh7 34.Kf2 Kg6 35.Bf4 Bd4+ 36.Ke1 Kf5
37.Kd2 Ke4 38.Bg5 Bg1 39.Bd8 Kd4 40.Bxc7 Kxc4 41.Bxd6 Kxd5 42.Bf4 Ke4 43.Bc7 Bxh2
44.Bxb6 Bxg3 45.Bg1 Bf4+ 46.Kd1 Be3 47.Bh2 Bf2  0-1

[Event "TCh-SRB 1st League"]
[Site "Kragujevac SRB"]
[Date "2009.09.12"]
[Round "11"]
[White "Damljanovic,B"]
[Black "Markus,Rob"]
[Result "1/2-1/2"]
[WhiteElo "2559"]
[BlackElo "2608"]

1.Nf3 Nf6 2.c4 g6 3.Nc3 Bg7 4.e4 d6 5.d4 O-O 6.Be2 e5 7.O-O Nbd7 8.Be3 Re8
9.d5 Ng4 10.Bg5 f6 11.Bh4 Nh6 12.Ne1 Nf7 13.Nd3 c5 14.Bg4 Qe7 15.f3 Nf8 16.Kh1 Bh6
17.Bxc8 Raxc8 18.Qe2 Nd7 19.Rae1 Qf8 20.Qd1 Bg5 21.Bxg5 Nxg5 22.Qd2 Nf7 23.g3 Re7
24.b3 Qg7 25.Re2 a6 26.a4 b6 27.Nd1 Nd8 28.a5 Rb8 29.axb6 Rxb6 30.Qa5 Nf7
31.Qc3 f5 32.exf5 gxf5 33.Ne3 Nh6 34.Rb2 Rb8 35.Ng2 e4 36.Qxg7+ Kxg7 37.fxe4 Rxe4
38.Ngf4 Ng4 39.Ne6+ Kf6 40.Nf2 Nxf2+ 41.Rbxf2 Re5 42.Rf3 Ke7 43.Ng7 Kd8 44.Nxf5 Kc7
45.Ng7 Re7 46.Ne6+ Kb6 47.Ra1 Ne5 48.Rf6 Rf7 49.Rxf7 Nxf7 50.Kg2 Ka7 51.Ra3 Ne5
52.Ng5 Rf8 53.Ne4 Rf3 54.Nxd6 Re3 55.Ra2 Kb6 56.h3 h5 57.Nc8+ Kb7 58.Nd6+ Kb6
59.Nc8+ Kb7  1/2-1/2

[Event "TCh-SRB 1st League"]
[Site "Kragujevac SRB"]
[Date "2009.09.12"]
[Round "11"]
[White "Sedlak,N"]
[Black "Paunovic,D"]
[Result "1/2-1/2"]
[WhiteElo "2571"]
[BlackElo "2556"]

1.d4 d6 2.Nf3 Nf6 3.c4 g6 4.Nc3 Bg7 5.e4 O-O 6.Be2 e5 7.O-O c6 8.d5 Na6 9.Bg5 h6
10.Bh4 g5 11.Bg3 Nc5 12.Nd2 a5 13.Qb1  1/2-1/2

[Event "4th Xtracon Skovbo"]
[Site "Borup DEN"]
[Date "2009.09.13"]
[Round "9"]
[White "Molvig,H"]
[Black "Bekker Jensen,S"]
[Result "1/2-1/2"]
[WhiteElo "2171"]
[BlackElo "2415"]

1.d4 Nf6 2.c4 g6 3.Nc3 Bg7 4.e4 d6 5.Nf3 O-O 6.Be2 Na6 7.O-O e5 8.Be3 Ng4
9.Bg5 Qe8 10.dxe5 dxe5 11.h3 h6 12.Bd2 Nf6 13.Be3 Qe7 14.Nd5 Qd8 15.Qc1 Kh7
16.Rd1 Nd7 17.c5 c6 18.Bxa6 cxd5 19.Rxd5 Qc7 20.c6 bxc6  1/2-1/2

[Event "ch-RUS HL"]
[Site "Ulan Ude RUS"]
[Date "2009.09.13"]
[Round "11"]
[White "Volkov,Sergey1"]
[Black "Shomoev,A"]
[Result "1-0"]
[WhiteElo "2616"]
[BlackElo "2566"]

1.d4 Nf6 2.c4 g6 3.Nc3 Bg7 4.e4 d6 5.Be2 O-O 6.Nf3 e5 7.Be3 Ng4 8.Bg5 f6
9.Bh4 g5 10.Bg3 Nh6 11.h3 Nc6 12.d5 Ne7 13.Qd2 Nf7 14.Bh2 c5 15.Bg1 a6 16.Nh2 f5
17.Nf1 fxe4 18.Bg4 Nf5 19.Nxe4 b5 20.f3 Nd4 21.Bf2 Rb8 22.Ne3 Nh6 23.O-O-O Nxg4
24.hxg4 h6 25.Rh5 bxc4 26.Kb1 Rb4 27.Rdh1 c3 28.Qxc3 Nb5 29.Qd3 Qb6 30.Ka1 Rd4
31.Qc2 Qa5 32.Nc4 Rxc4 33.Qxc4 Bd7 34.Qc1 Rf4 35.Rxh6 Bxh6 36.Rxh6 Kg7 37.Qh1  1-0

[Event "Quality Chess Int"]
[Site "Edinburgh SCO"]
[Date "2009.09.15"]
[Round "4"]
[White "Mitchell,M"]
[Black "Thomson,C"]
[Result "1-0"]
[WhiteElo "2175"]
[BlackElo "2324"]

1.d4 Nf6 2.c4 g6 3.Nc3 Bg7 4.e4 d6 5.Be2 O-O 6.Nf3 Na6 7.O-O e5 8.Re1 c6
9.d5 c5 10.Bf1 Ne8 11.a3 Nac7 12.b4 b6 13.bxc5 bxc5 14.Rb1 f5 15.Bd3 f4 16.Bc2 g5
17.Ba4 g4 18.Bc6 gxf3 19.Qxf3 Nf6 20.Bxa8 Bg4 21.Qd3 f3 22.gxf3 Bh5 23.Bc6 Nfe8
24.f4 exf4 25.f3 Qh4 26.Rf1 Bd4+ 27.Kh1 Nf6 28.Rb2 Be5 29.Rg2+ Kh8 30.Nd1 Qh3
31.Qe2 Rf7 32.Bb2 Re7 33.Bxe5 Rxe5 34.Qf2 Ng8 35.Rgg1 Bf7 36.Qg2 Qh6 37.Nf2 Qf8
38.Ng4 Rg5 39.Qb2+  1-0

[Event "7th ch-Mediterranean"]
[Site "Rijeka CRO"]
[Date "2009.09.16"]
[Round "8"]
[White "Savic,Miro"]
[Black "Kanceljak,D"]
[Result "1-0"]
[WhiteElo "2288"]
[BlackElo "1930"]

1.d4 Nf6 2.c4 g6 3.Nc3 Bg7 4.e4 d6 5.Nf3 O-O 6.Be2 Nbd7 7.O-O e5 8.d5 a5
9.a3 Nc5 10.Be3 Ncxe4 11.Nxe4 Nxe4 12.Qc2 f5 13.Nd2 Nxd2 14.Bxd2 f4 15.f3 Rf5
16.g4 Rf8 17.Bd3 Qh4 18.Be1 Qh3 19.Rf2 Bf6 20.Bf1 Qh6 21.Rg2 Bh4 22.Bd3 Bxe1
23.Rxe1 Qh4 24.Rd1 Bd7 25.c5 Qe7 26.Qc4 Kg7 27.Rc1 Rfc8 28.Re1 c6 29.Qxf4 Qh4
30.Qg3 Qxg3 31.hxg3 cxd5 32.cxd6 Kf6 33.g5+ Ke6 34.Rge2 Kxd6 35.Rxe5 Re8
36.f4 Rxe5 37.fxe5+ Ke7 38.Kf2 Rf8+ 39.Ke3 Bf5 40.Rf1 Rf7 41.Be2 Ke6 42.g4 Be4
43.Rf6+ Ke7 44.Rb6 Kd8 45.Rf6 Re7 46.Kd4 Kc7 47.Bb5 Bg2 48.Bd3 Kd7 49.Rf2 Bh1
50.Bb5+ Kc7 51.Rf6 Be4 52.Rf8 b6 53.Rf6 Bg2 54.Rc6+ Kb7 55.e6 Bf3 56.Ke5 Be2
57.a4 d4 58.Kf6 Re8 59.e7 Bxg4 60.Rd6  1-0

[Event "TCh-SRB w"]
[Site "Pozarevac SRB"]
[Date "2009.09.17"]
[Round "4"]
[White "Vojinovic,J"]
[Black "Belic,J"]
[Result "1/2-1/2"]
[WhiteElo "2341"]
[BlackElo "2320"]

1.d4 Nf6 2.Nf3 g6 3.c4 Bg7 4.Nc3 d6 5.e4 O-O 6.Be2 e5 7.Be3 Ng4 8.Bg5 f6
9.Bc1 Nc6 10.d5 Nd4 11.Nxd4 exd4 12.Nb5 f5 13.O-O a6 14.Nxd4 fxe4 15.Bxg4 Bxg4
16.Qxg4 Bxd4 17.Bg5 Qc8 18.Qxc8 Raxc8 19.Rad1 Bc5 20.Rde1 Rfe8 21.Re2 c6
22.Rd1 b5 23.b3 bxc4 24.bxc4 cxd5 25.cxd5 Rb8 26.g3 Rb5 27.Bf6 Kf7 28.Bc3 Ba3
29.Ba1 Bc5 30.Kg2 a5 31.g4 e3 32.fxe3 Rb4 33.Kf3 Rbe4 34.Rd3 h5 35.h3 hxg4+
36.hxg4 g5 37.Bd4 Bxd4 38.Rxd4 R4e5 39.e4 R5e7 40.Ra4 Ra7 41.Rc2 Kf6 42.Ke3 Rh8
43.Kd4 Rh4 44.Rf2+ Kg6 45.Rg2 Rh1 46.Rc2 Rd1+ 47.Ke3 Kf6 48.Rc8 Rh7 49.Rf8+ Ke7
50.Rf2 Rh3+ 51.Ke2 Rdd3 52.Kf1 Ra3 53.Rc4 Rhf3 54.Rc2 Rxf2+ 55.Rxf2 Rg3 56.Ke2 Rxg4
57.Kd3 Rg3+ 58.Kc4 Ra3 59.Rg2 Ra4+ 60.Kb5 Rxe4 61.Rxg5 Re5 62.Rg7+ Kf6 63.Ra7 Rxd5+
64.Kc6 Ke6 65.Kb6 Ke5 66.Rxa5 Rxa5 67.Kxa5 d5  1/2-1/2

[Event "TCh-ROU Superliga"]
[Site "Eforie Nord ROU"]
[Date "2009.09.20"]
[Round "2"]
[White "Fressinet,L"]
[Black "Grigore,Ge"]
[Result "1-0"]
[WhiteElo "2658"]
[BlackElo "2541"]

1.d4 Nf6 2.Nf3 g6 3.c4 Bg7 4.Nc3 d6 5.e4 O-O 6.Be2 e5 7.O-O Nh5 8.g3 Bh3
9.Re1 exd4 10.Nxd4 Nf6 11.Be3 Re8 12.f3 Nbd7 13.Qd2 Ne5 14.Nd1 Bd7 15.Nf2 a6
16.Rad1 b5 17.b3 Qb8 18.Bh6 Bh8 19.Nc2 bxc4 20.bxc4 Ra7 21.Rb1 Rb7 22.Rxb7 Qxb7
23.Ne3 Nc6 24.Bf1 Rb8 25.Rd1 Ne5 26.Bg2 Qb2 27.Qxb2 Rxb2 28.c5 Bg7 29.Bf4 Bf8
30.Bg5 Ne8 31.f4 h6 32.fxe5 hxg5 33.exd6 cxd6 34.cxd6 Rxa2 35.e5 Ra4 36.Bh3 f5
37.exf6 Bxh3 38.Nxh3 Nxd6 39.Nxg5 Nf7 40.Ne6 Re4 41.Nxf8 Kxf8 42.Nd5 Re6
43.Rc1 Rd6 44.Rc8+ Rd8 45.Rc5 Nd6 46.Rc6 Ne8 47.Nf4 Kf7 48.Rxa6 Nxf6 49.h4 Rd2
50.Kf1 Nh5 51.Ne2 Rd3 52.Kf2 Nf6 53.Ra7+ Kg8 54.Ra4 Kf7 55.Nf4 Rd7 56.Kf3 Nh5
57.Ne2 Rd3+ 58.Kf2 Nf6 59.Nf4 Rd7 60.Ra5 Rb7 61.Kg2 Ng8 62.Kh3 Ne7 63.Ra6 Rb3
64.Kg4 Rb5 65.Ra3 Kf6 66.Ra4 Kf7 67.Nh3 Rb7 68.Ng5+ Kg7 69.Ne6+ Kh6 70.Ra8 Kh7
71.Rf8 Ng8 72.Kh3 Re7 73.Nf4 Nh6 74.Rf6 Rg7 75.Ne6 Ng8 76.Nf8+ Kh6 77.Ra6 Ne7
78.Ne6 Rg8 79.g4 Re8 80.Ra7 Kh7 81.Rd7 Kg8 82.Nc7  1-0

[Event "ch-ChessClub A"]
[Site "Reykjavik ISL"]
[Date "2009.09.20"]
[Round "1"]
[White "Halldorsson,J"]
[Black "Omarsson,D"]
[Result "0-1"]
[WhiteElo "2202"]
[BlackElo "2099"]

1.d4 Nf6 2.Nf3 g6 3.c4 Bg7 4.Nc3 O-O 5.e4 d6 6.Be2 e5 7.dxe5 dxe5 8.Qxd8 Rxd8
9.Bg5 Re8 10.O-O-O Na6 11.Nxe5 Nc5 12.f4 Ncxe4 13.Nxe4 Nxe4 14.Rd8 Bf5 15.Rxa8 Rxa8
16.Ng4 Bxg4  0-1

[Event "TCh-ROU Superliga"]
[Site "Eforie Nord ROU"]
[Date "2009.09.21"]
[Round "3"]
[White "Busu,C"]
[Black "Pribeanu,M"]
[Result "1/2-1/2"]
[WhiteElo "2320"]
[BlackElo "2210"]

1.d4 Nf6 2.c4 g6 3.Nc3 Bg7 4.e4 d6 5.Be2 O-O 6.Nf3 Nbd7 7.O-O e5 8.d5 Nc5
9.Qc2 a5 10.Be3 b6 11.Nd2 Ne8 12.a3 f5 13.f3 Nf6 14.b4 Nb7 15.Rfc1 Nh5 16.Bf1 Nf4
17.g3 Nh5 18.Bf2 Bh6 19.Bg2 Nf6 20.Re1 Qe7 21.Nf1 Bd7 22.Nd2 Rf7 23.Nf1 Nh5
24.Ne3 Bxe3 25.Bxe3 f4 26.Bf2 fxg3 27.hxg3 Raf8 28.Rf1 g5 29.Qe2 Rg7 30.Qe3 g4
31.Ne2  1/2-1/2

[Event "USCL 2009"]
[Site "ICC INT"]
[Date "2009.09.21"]
[Round "4"]
[White "Kraai,J"]
[Black "Felecan,F"]
[Result "1-0"]
[WhiteElo "2498"]
[BlackElo "2399"]

1.Nf3 Nf6 2.c4 g6 3.Nc3 Bg7 4.e4 d6 5.d4 O-O 6.Be2 Nbd7 7.O-O e5 8.dxe5 dxe5
9.Qc2 c6 10.b4 Re8 11.Rd1 a5 12.b5 Qc7 13.Rb1 Bf8 14.Bg5 Nh5 15.Na4 Nf4 16.b6 Qb8
17.Bf1 Ne6 18.c5 Nexc5 19.Nxc5 Nxc5 20.Rd8 Rxd8 21.Bxd8 Bf5 22.exf5 Qxd8
23.fxg6 hxg6 24.Nxe5 Qd4 25.Re1 Bg7 26.Nf3 Qc3 27.Qd1 Bf6 28.Re3 Qb4 29.Qd6 Kg7
30.Ne5 Qxb6 31.Nxf7 Rf8 32.Nh6 Qd8 33.Nf5+ gxf5 34.Qxc5 Bd4 35.Rg3+ Kf6 36.Qc1 Rg8
37.Rf3 Qd5 38.Qh6+ Ke7 39.Qh7+ Rg7 40.Qxf5 Qxf5 41.Rxf5 b5 42.h4 Ke6 43.Rf3 a4
44.Kh2 Kd5 45.Kh3 b4 46.g4 Rb7 47.Bg2 Kd6 48.Rd3 Kc5 49.Bxc6 Kxc6 50.Rxd4 b3
51.axb3 axb3 52.Rd1 b2 53.Rb1 Rb3+ 54.Kg2 Kd5 55.h5 Ke5 56.h6 Kf6 57.f4 Kg6
58.g5 Kh7 59.Kf2 Kg6 60.Ke2 Kf5 61.Kd1 Kg6 62.Kc2 Rb4 63.Rh1 b1=Q+ 64.Rxb1 Rxf4
65.Rg1 Ra4 66.Kd3 Rh4 67.Ke3 Rh3+ 68.Kf4 Rh4+ 69.Kf3 Ra4 70.Rh1 Ra8 71.Kf4 Ra4+
72.Ke5 Ra8 73.h7 Re8+ 74.Kd6 Rh8 75.Ke7 Kg7 76.Rh6 Ra8 77.h8=Q+ Rxh8 78.Rxh8 Kxh8
79.Kf7  1-0

[Event "18th TCh-CRO"]
[Site "Sibenik CRO"]
[Date "2009.09.22"]
[Round "2"]
[White "Gyimesi,Z"]
[Black "Movsesian,S"]
[Result "0-1"]
[WhiteElo "2594"]
[BlackElo "2711"]

1.d4 d6 2.Nf3 Nf6 3.c4 g6 4.Nc3 Bg7 5.e4 O-O 6.Be2 Na6 7.O-O e5 8.Re1 c6
9.Bf1 Bg4 10.d5 c5 11.Be2 Bd7 12.g3 Ne8 13.Nh4 f5 14.exf5 gxf5 15.f4 e4 16.Be3 Nac7
17.Qd2 Rb8 18.a4 Na6 19.h3 Nb4 20.Kh2 Rf6 21.Rg1 Rh6 22.Nxf5 Bxf5 23.g4 Bd7
24.Nxe4 Qe7 25.Bf3 Nf6 26.Nxf6+ Rxf6 27.Rae1 Qf8 28.b3 Re8 29.f5 Rf7 30.Bf4 Rxe1
31.Rxe1 Bxf5 32.gxf5 Rxf5 33.Re4 Rxf4 34.Rxf4 Be5 35.Kg3 Qf5 36.Be2 h5 37.Kf3 Qxh3+
38.Kf2 Qh2+ 39.Kf3 Nc2 40.Qxc2 Qxf4+ 41.Kg2 Qg3+ 42.Kf1 Bd4 43.Bd3 Kf7 44.Bf5 Qf3+  0-1

[Event "18th TCh-CRO"]
[Site "Sibenik CRO"]
[Date "2009.09.23"]
[Round "3"]
[White "Lalic,B"]
[Black "Kozul,Z"]
[Result "1/2-1/2"]
[WhiteElo "2495"]
[BlackElo "2588"]

1.d4 Nf6 2.c4 g6 3.Nc3 Bg7 4.e4 d6 5.Nf3 O-O 6.Be2 e5 7.O-O c6 8.Re1 Na6
9.Bf1 Bg4 10.d5 c5 11.h3 Bd7 12.Nh2 Qb6 13.a3 Kh8 14.Rb1 Nh5 15.b4 Qd8 16.g3 b6
17.Rb3  1/2-1/2

[Event "SPICE Cup B"]
[Site "Lubbuck USA"]
[Date "2009.09.24"]
[Round "6"]
[White "Kuljasevic,D"]
[Black "Perelshteyn,E"]
[Result "1/2-1/2"]
[WhiteElo "2547"]
[BlackElo "2534"]

1.d4 Nf6 2.c4 g6 3.Nc3 Bg7 4.e4 d6 5.Nf3 O-O 6.Be2 Na6 7.O-O e5 8.Re1 Bg4
9.Be3 Bxf3 10.Bxf3 exd4 11.Bxd4 Nb4 12.Qd2 Nc6 13.Be3 Nd7 14.Be2 Nc5 15.f3 Ne6
16.Rad1 Ncd4 17.Bd3 c5 18.f4 f5 19.exf5 gxf5 20.Kh1 Qd7 21.Nd5 Rae8 22.Bf2 Nc7
23.Rxe8 Rxe8 24.Bxd4 Bxd4 25.Bxf5 Qxf5 26.Nxc7 Re4 27.Nd5 Qe6 28.Rf1 Qf5
29.h3 h5 30.Qd3 Kh8 31.Kh2 h4 32.Qf3 Bxb2 33.Qb3 Bg7 34.Qxb7 Rxc4 35.Re1 Rxf4
36.Re8+ Bf8 37.Nxf4 Qxf4+ 38.Kh1  1/2-1/2

[Event "18th TCh-CRO"]
[Site "Sibenik CRO"]
[Date "2009.09.25"]
[Round "5"]
[White "Jovanic,O"]
[Black "Plenkovic,Z"]
[Result "1/2-1/2"]
[WhiteElo "2543"]
[BlackElo "2370"]

1.d4 Nf6 2.Nf3 g6 3.c4 Bg7 4.Nc3 O-O 5.e4 d6 6.Be2 e5 7.Be3 exd4 8.Nxd4 Re8
9.f3 Nc6 10.O-O Nh5 11.Qd2 Nf4 12.Rf2 Nxe2+ 13.Rxe2 Be6 14.Nxe6 fxe6 15.Rd1 b6
16.Rf2 Ne5 17.b3 a6 18.h3 Qf6 19.Ne2 c5 20.Bg5 Qf8 21.Rff1 b5 22.f4 Nf7 23.Bh4 bxc4
24.bxc4 Rab8 25.Rb1 Rxb1 26.Rxb1 Rb8 27.Rb3 Qc8 28.Bf2 Rb7 29.Qd3 Qc6 30.Be3 Rxb3
31.axb3 Qc7 32.Bd2 Qb7 33.Kh1 Qb6 34.Qg3 Qb7 35.Qf3 Kf8 36.Kh2 Ke8 37.Ng3 Bd4
38.h4 Qe7 39.Kh3 Bf6 40.h5 g5 41.e5 gxf4 42.Qa8+ Qd8 43.Qxd8+ Bxd8 44.Bxf4 d5
45.cxd5 exd5 46.Kg4 Be7 47.Nf5 Bf8 48.Ne3 d4 49.Nd5 Kd7 50.Kf5 Kc6 51.Nf6 a5
52.Nxh7 Bg7 53.Nf6 d3 54.Ke4 Nxe5 55.Kxe5 c4 56.h6 Bh8 57.Ke4 cxb3 58.Kxd3 Bxf6
59.g4 a4 60.g5 Ba1 61.Bc1 Kd5 62.g6 Ke6 63.Kc4 b2 64.Bxb2 Bxb2 65.h7 Kf5
66.Kb4 a3 67.h8=Q Bxh8 68.Kxa3 Kxg6  1/2-1/2

[Event "TCh-ROU Superliga"]
[Site "Eforie Nord ROU"]
[Date "2009.09.26"]
[Round "8"]
[White "Jianu,V"]
[Black "Nasolea,A"]
[Result "1-0"]
[WhiteElo "2531"]
[BlackElo "2034"]

1.d4 Nf6 2.c4 g6 3.Nc3 Bg7 4.e4 d6 5.Nf3 O-O 6.Be2 e5 7.O-O exd4 8.Nxd4 Re8
9.f3 Nbd7 10.Be3 Nc5 11.Qd2 Ne6 12.Nc2 a5 13.Rad1 Nd7 14.Rfe1 Ndc5 15.Bf1 Bd7
16.b3 Bc6 17.Nd5 Qh4 18.Bf2 Qh5 19.g4 Qg5 20.Be3 Qh4 21.Bg2 Rac8 22.h3 h6
23.Bf2 Qd8 24.Bg3 Bxd5 25.cxd5 Nf8 26.Nd4 Ra8 27.f4 Nfd7 28.Bf3 Qb8 29.Nb5 Ra6
30.Re3 Rb6 31.a4 Nxb3 32.Rxb3 c6 33.dxc6 bxc6 34.Qxd6 Qxd6 35.Nxd6 Rxb3 36.Nxe8 Rxf3
37.Kg2 Rxg3+ 38.Kxg3 Nc5 39.Nxg7 Kxg7 40.Rd4 g5 41.fxg5 hxg5 42.Rc4  1-0

[Event "TCh-NED 2009-10"]
[Site "Netherlands NED"]
[Date "2009.09.26"]
[Round "1"]
[White "Wantola,I"]
[Black "Kleijn,C"]
[Result "1/2-1/2"]
[WhiteElo "2344"]
[BlackElo "2386"]

1.Nf3 Nf6 2.c4 g6 3.Nc3 Bg7 4.e4 d6 5.d4 O-O 6.Be2 Na6 7.O-O e5 8.Be3 c6
9.Rb1 exd4 10.Nxd4 Re8 11.f3 Nc7 12.Qd2 d5 13.cxd5 cxd5 14.Ndb5 Be6 15.Nxc7 Qxc7
16.Nb5 Qe7 17.e5 Bf5 18.Rbe1 Nd7 19.g4 Be6 20.Nc7 Nxe5 21.Nxa8 Rxa8 22.Bd4 Qh4
23.Qe3 Nc6 24.Bxg7 Kxg7 25.Bb5 d4 26.Qf4 Rd8 27.Bxc6 bxc6 28.Rd1 c5 29.b4 cxb4
30.Rxd4 Rxd4 31.Qxd4+ Qf6 32.Qxb4 Bxa2 33.Rf2 Be6 34.Qa4 h5 35.Rf1 hxg4 36.fxg4 Qe5
37.Qxa7 Qe4 38.Qf2 Qxg4+ 39.Qg2 Qd4+ 40.Qf2 Qg4+ 41.Qg2 Qb4 42.Qf2 Bd5 43.Qf6+ Kh7
44.Qf4 Qb2 45.Rf2 Qc3 46.Rd2 Qc5+ 47.Qd4 Qc1+ 48.Kf2 Be4 49.Ke3 Bf5 50.Qh4+  1/2-1/2

[Event "74th ch-ESP Absoluto"]
[Site "Palma de Mallorca ESP"]
[Date "2009.09.27"]
[Round "2"]
[White "Masso Catala,J"]
[Black "Andreu Lopez,S"]
[Result "0-1"]
[WhiteElo "1529"]
[BlackElo "1977"]

1.d4 Nf6 2.c4 g6 3.Nc3 Bg7 4.e4 d6 5.Nf3 O-O 6.Be2 Nbd7 7.O-O e5 8.d5 Nc5
9.Qc2 a5 10.a4 Ne8 11.Be3 b6 12.Rab1 f5 13.Ne1 Nxe4 14.Nxe4 fxe4 15.f3 exf3
16.Nxf3 Nf6 17.Qd2 Bf5 18.Rbc1 Ne4 19.Qe1 Nc5 20.Ng5 h6 21.Bxc5 bxc5 22.Ne6 Bxe6
23.Rxf8+ Qxf8 24.dxe6 Qf4 25.Bf3 Re8 26.Bd5 Kf8 27.Rc2 e4 28.Rc1 Ke7 29.Bxe4 Rf8
30.Bd5 Rf5 31.b3 Bd4+ 32.Kh1 Bf2 33.Qc3 Bd4 34.Qe1 Re5 35.Qf1 Bf2 36.g3 Qe3
37.Kg2 Rf5 38.Rc2 Bxg3 39.Qe2 Bf4 40.Qf2 Qe5 41.Qe2 Rg5+ 42.Kh1 Qa1+  0-1

[Event "74th ch-ESP Absoluto"]
[Site "Palma de Mallorca ESP"]
[Date "2009.09.27"]
[Round "2"]
[White "Arizmendi Martinez,J"]
[Black "Garcia Garcia,R1"]
[Result "1-0"]
[WhiteElo "2532"]
[BlackElo "2278"]

1.d4 Nf6 2.c4 g6 3.Nc3 Bg7 4.e4 O-O 5.Nf3 d6 6.Be2 e5 7.Be3 exd4 8.Nxd4 Re8
9.f3 c6 10.Nc2 d5 11.cxd5 cxd5 12.Bb5 Bd7 13.Bxd7 Nbxd7 14.Nxd5 Nxd5 15.Qxd5 Qc7
16.O-O Nb6 17.Qb3 Nc4 18.Rad1 Bxb2 19.Rd5 Be5 20.Rc5 Bxh2+ 21.Kh1 Qg3 22.Qxc4 Qh4
23.Bg5 Qh5 24.Bf4 Rac8 25.Rxh5 Rxc4 26.Rxh2 Rxc2 27.g4 Rec8 28.Rxc2 Rxc2
29.Rc1 Rxa2 30.Be5 f6 31.Bxf6 Kf7 32.g5 a5 33.Rc7+ Ke6 34.Rxb7 Rf2 35.Rb3 a4
36.Ra3 h5 37.Kg1  1-0

[Event "18th TCh-CRO b"]
[Site "Sibenik CRO"]
[Date "2009.09.27"]
[Round "7"]
[White "Ragger,M"]
[Black "Martinovic,Sa"]
[Result "1-0"]
[WhiteElo "2561"]
[BlackElo "2516"]

1.Nf3 Nf6 2.c4 g6 3.Nc3 Bg7 4.e4 d6 5.d4 O-O 6.Be2 e5 7.O-O exd4 8.Nxd4 Re8
9.f3 Nc6 10.Be3 Nh5 11.Qd2 Nf4 12.Nxc6 Nxe2+ 13.Nxe2 bxc6 14.Bd4 Bxd4+ 15.Nxd4 c5
16.Nb5 Bd7 17.Nc3 Bc6 18.b3 Qf6 19.Rad1 Rab8 20.Rfe1 Rb4 21.Qc2 Reb8 22.Nb5 Bxb5
23.a3 Bxc4 24.axb4 Be6 25.e5 Qh4 26.exd6 cxd6 27.bxc5 Bxb3 28.Qb2 dxc5 29.Re4 Qg5
30.Rde1 f6 31.h4 Qf5 32.R1e3 c4 33.Rxc4 Bxc4 34.Qxb8+ Kg7 35.Qxa7+ Bf7 36.Re4 h5
37.Qe7 g5 38.hxg5 Qxg5 39.Qc7 Kg6 40.Re7 Qh4 41.f4 f5 42.Qd6+ Kg7 43.Qe6  1-0

[Event "18th TCh-CRO w"]
[Site "Sibenik CRO"]
[Date "2009.09.28"]
[Round "8"]
[White "Turk,T"]
[Black "Mrakovcic,K"]
[Result "1-0"]
[WhiteElo "1752"]
[BlackElo "1684"]

1.d4 Nf6 2.c4 d6 3.Nc3 g6 4.e4 Bg7 5.Nf3 O-O 6.Be2 e5 7.dxe5 dxe5 8.Bg5 Nbd7
9.O-O c6 10.Qd6 h6 11.Bh4 g5 12.Bg3 Ne8 13.Qd2 Nc7 14.Rfd1 Qe8 15.Qd6 Na6
16.b4 f5 17.b5 Rf6 18.Qd2 Nac5 19.exf5 Rxf5 20.Rac1 Rf6 21.Qe3 Re6 22.Nd2 Qg6
23.Bg4 Re7 24.Nde4 Nxe4 25.Nxe4 Nf6 26.Nxf6+ Bxf6 27.Rd8+ Re8 28.Rxc8 Raxc8
29.Bxc8 Rxc8 30.bxc6 Rxc6 31.Qxa7 Rxc4 32.Qb8+ Kh7 33.Qxb7+  1-0

[Event "18th TCh-CRO"]
[Site "Sibenik CRO"]
[Date "2009.09.28"]
[Round "8"]
[White "Kozul,Z"]
[Black "Saric,Iv"]
[Result "1-0"]
[WhiteElo "2588"]
[BlackElo "2573"]

1.d4 Nf6 2.Nf3 g6 3.c4 Bg7 4.Nc3 O-O 5.e4 d6 6.Be2 e5 7.O-O Na6 8.Re1 c6
9.Bf1 exd4 10.Nxd4 Ng4 11.h3 Qb6 12.hxg4 Qxd4 13.g5 Qe5 14.Be3 Nc5 15.f4 Qe7
16.Bd4 f6 17.gxf6 Bxf6 18.Bxf6 Qxf6 19.g3 h5 20.e5 dxe5 21.Rxe5 Bg4 22.Qd2 Rad8
23.Qe3 Ne6 24.c5 Nd4 25.Ne4 Nf3+ 26.Qxf3 Qxe5 27.Qb3+ Qe6 28.Bc4 Rd5 29.Ng5 Qd7
30.Re1 Rd8 31.Qc3 Re8 32.Ne4 Rxe4 33.Rxe4 Be6 34.Re1 Bf7 35.Bxd5 Qxd5 36.a3 h4
37.gxh4 Qf5 38.Qg3 Qxc5+ 39.Qf2 Qf5 40.Re5 Qh3 41.Re3 Qf5 42.Kh2 Be6 43.Qg3 Kf7
44.Re2 Bc4 45.Re1 Bd5 46.Re2 Bc4 47.Re5 Qb1 48.Qf2 Bd5 49.f5 Kf6 50.Re1 Qxf5
51.Qxf5+ Kxf5 52.Kg3 a5 53.Rf1+ Ke5 54.Kg4 b5 55.Kg5 Be4 56.Rf6 b4 57.Rxg6 Bxg6
58.Kxg6  1-0

[Event "18th TCh-CRO b"]
[Site "Sibenik CRO"]
[Date "2009.09.28"]
[Round "8"]
[White "Sedlak,N"]
[Black "Martinovic,Sa"]
[Result "1-0"]
[WhiteElo "2571"]
[BlackElo "2516"]

1.d4 Nf6 2.c4 g6 3.Nc3 Bg7 4.e4 d6 5.Nf3 O-O 6.Be2 e5 7.O-O exd4 8.Nxd4 Re8
9.f3 Nc6 10.Be3 Nh5 11.Qd2 Nf4 12.Rfd1 Nxd4 13.Bxd4 Bxd4+ 14.Qxd4 Nxe2+ 15.Nxe2 b6
16.Nc3 Bb7 17.Nd5 Bxd5 18.cxd5 Qg5 19.Qd2 Qh4 20.Kh1 Re7 21.g4 h5 22.Rg1 Qf6
23.Raf1 hxg4 24.Rxg4 Rae8 25.Rf2 c6 26.dxc6 Rc8 27.Rf4 Qe5 28.Rf5 Qe6 29.Qc3 Rec7
30.Qf6 gxf5 31.Rg2+ Kf8 32.Qg7+ Ke7 33.exf5 Qe1+ 34.Rg1 Qe3 35.f6+ Ke6 36.Qg3 Rxc6
37.Qg4+ Kxf6 38.Qh4+ Ke6 39.Re1 Rc1 40.Qh6+  1-0

[Event "18th TCh-CRO b"]
[Site "Sibenik CRO"]
[Date "2009.09.29"]
[Round "9"]
[White "Sax,G"]
[Black "Erdos,V"]
[Result "1/2-1/2"]
[WhiteElo "2524"]
[BlackElo "2591"]

1.e4 g6 2.d4 Bg7 3.c4 d6 4.Nc3 Nf6 5.Be2 O-O 6.Nf3 e5 7.O-O exd4 8.Nxd4 Re8
9.f3 Nc6 10.Be3 Nh5 11.Qd2 f5 12.Nxc6 bxc6 13.c5 d5 14.exd5 Bxc3 15.bxc3 Qe7
16.Kf2 Qh4+ 17.Kg1 Qe7 18.Kf2  1/2-1/2

[Event "10th Veselin Boskovic Mem"]
[Site "Beograd SRB"]
[Date "2009.10.01"]
[Round "4.1"]
[White "Milanovic,Da"]
[Black "Todorcevic,M"]
[Result "1-0"]
[WhiteElo "2533"]
[BlackElo "2450"]

1.Nf3 g6 2.d4 Bg7 3.c4 d6 4.Nc3 Nd7 5.e4 e5 6.Be2 Ngf6 7.O-O O-O 8.Qc2 exd4
9.Nxd4 c6 10.Bf4 Ne5 11.Rad1 Qe7 12.Qd2 Ne8 13.Bg3 h5 14.f4 h4 15.Be1 Nd7
16.h3 Nc5 17.Qc2 f5 18.exf5 Bxf5 19.Qd2 Bf6 20.Bf2 Ng7 21.Rfe1 Nce6 22.Bd3 Bxd4
23.Bxd4 Qf7 24.Be2 Nxd4 25.Qxd4 Qc7 26.Qf2  1-0

[Event "74th ch-ESP Absoluto"]
[Site "Palma de Mallorca ESP"]
[Date "2009.10.01"]
[Round "6"]
[White "Segura Ariza,J"]
[Black "Navarrete Espi,S"]
[Result "0-1"]
[WhiteElo "2210"]
[BlackElo "1929"]

1.c4 Nf6 2.Nc3 g6 3.e4 d6 4.d4 Bg7 5.Nf3 O-O 6.Be2 e5 7.d5 a5 8.Bg5 h6 9.Bh4 Na6
10.Nd2 Nc5 11.h3 Qe8 12.Qc2 Nh7 13.g4 f5 14.gxf5 gxf5 15.O-O-O a4 16.exf5 Bxf5
17.Nde4 a3 18.b3 Bxe4 19.Nxe4 Nxe4 20.Qxe4 Rf4  0-1

[Event "10th Veselin Boskovic Mem"]
[Site "Beograd SRB"]
[Date "2009.10.02"]
[Round "5.2"]
[White "Rajkovic,Du"]
[Black "Sedlak,N"]
[Result "0-1"]
[WhiteElo "2472"]
[BlackElo "2571"]

1.Nf3 Nf6 2.c4 g6 3.Nc3 Bg7 4.e4 d6 5.d4 O-O 6.Be2 e5 7.Be3 Nbd7 8.O-O Re8
9.d5 Ng4 10.Bg5 f6 11.Bh4 Nh6 12.Nd2 Nf7 13.Bg4 Nf8 14.b4 Bxg4 15.Qxg4 h5
16.Qe2 g5 17.Qxh5 gxh4 18.Nf3 f5 19.Qxf5 Qf6 20.Qh5 Ng6 21.c5 a6 22.c6 b6
23.a4 Bh6 24.Rad1 Kh7 25.Qf5 Kg7 26.g3 Ng5 27.Nxg5 Qxg5 28.Qxg5 Bxg5 29.Kg2 Rf8
30.Rd3 Rf6 31.Ne2 Raf8 32.Ng1 Bh6 33.Nh3 hxg3 34.hxg3 Nh8 35.f3 Rg6 36.Nf2 Nf7
37.Ng4 Bg5 38.Rh1 Be7 39.Rh5 Bg5 40.Rh1 Rg8 41.Rdd1 Kf8 42.b5 Kg7 43.a5 bxa5
44.Rb1 axb5 45.Rxb5 Nh6 46.Rb7 Rc8 47.Nf2 Bf4 48.g4 Be3 49.Nd3 Nf7 50.Nb2 Bc5
51.Na4 Bd4 52.Rb5 Rf6 53.Rh5 Kg6  0-1

[Event "10th Veselin Boskovic Mem"]
[Site "Beograd SRB"]
[Date "2009.10.02"]
[Round "6.1"]
[White "Ivanisevic,I"]
[Black "Damljanovic,B"]
[Result "1-0"]
[WhiteElo "2614"]
[BlackElo "2559"]

1.d4 Nf6 2.c4 g6 3.Nc3 Bg7 4.e4 d6 5.Nf3 O-O 6.Be2 e5 7.O-O Na6 8.Be3 c6
9.Re1 exd4 10.Nxd4 Re8 11.f3 Nc7 12.Qd2 Qe7 13.Bf1 Ne6 14.Rad1 Nxd4 15.Bxd4 Rd8
16.Be3 Ne8 17.Bh6 Bxh6 18.Qxh6 Be6 19.f4 f6 20.Re3 Qg7 21.Qh4 Rd7 22.Be2 Rad8
23.Qf2 a6 24.Na4 b5 25.Nb6 Rb7 26.c5 Qe7 27.Red3 Rbb8 28.cxd6 Qb7 29.d7 Qxb6
30.Qxb6 Rxb6 31.dxe8=Q+ Rxe8 32.Rd6 Kf7 33.b3 Ke7 34.Bf3 a5 35.g4 a4 36.f5 Bf7
37.e5 fxe5 38.f6+ Kf8 39.Bxc6 axb3 40.axb3 Bxb3 41.Bxe8 Rxd6 42.Rxd6 Kxe8
43.Kf2 Bc4 44.Ke3 b4 45.Ke4 b3 46.Kxe5 g5 47.Rb6 Kd7 48.Rb7+  1-0